000 00373 a2200121 4500
001 ART_43831
005 20260410162006.0
008 260409a
245 1 0 _aLa real malicia y la doctrina "Campillay"
100 1 _aCorna, Pablo M.
700 1 _aFossaceca, Carlos Alberto (h)
773 0 _tTemas de derecho civil
_g- Año 3, Nº 9 (sep. 2017)
_wREV34778
999 _c31705
_d31705